Hitotsubashi journal of commerce and management
Sparad:
| Materialtyp: | Bok |
|---|---|
| Språk: | Undetermined |
| Publicerad: |
Tokyo, Japan
Hitotsubashi university
|
| Ämnen: | |
| Taggar: |
Lägg till en tagg
Inga taggar, Lägg till första taggen!
|
| Thư viện lưu trữ: | Trung tâm Học liệu Trường Đại học Cần Thơ |
|---|
| LEADER | 00424nam a2200145Ia 4500 | ||
|---|---|---|---|
| 001 | CTU_234164 | ||
| 008 | 210402s9999 xx 000 0 und d | ||
| 082 | |a 380 | ||
| 082 | |b H675 | ||
| 245 | 0 | |a Hitotsubashi journal of commerce and management | |
| 260 | |a Tokyo, Japan | ||
| 260 | |b Hitotsubashi university | ||
| 650 | |a Commerce,Management | ||
| 904 | |i Duy Bằng | ||
| 980 | |a Trung tâm Học liệu Trường Đại học Cần Thơ | ||